000 00792nam a22002417a 4500
003 UA-OsUOA
001 43755
007 ta
008 20070122b un ||||| |||| 00| 0 ukr d
090 _a82.09:929(477)
_bР60
942 _cBK
040 _aUA-OsUOA
_bukr
_cUA-OsUOA
_dUA-OsUOA
245 _aРодина Колессів у доховному та культурному житті України кінця ХІХ-ХХ століття
_bЗбірник наукових праць та матеріалів
300 _a476 с.
955 _a1
041 _aukr
080 _a82.09:929(477)
020 _a966-613-397-0
260 _aЛьвів
_c2005
246 3 1 _aВип. 5
_n
650 7 _a82 Література. Літературознавство
_2UDC
999 _c329876
_d329876